Statistics for One Direction Song Quiz

Click here to take the quiz!

General Stats

  • This quiz has been taken 734 times
  • The average score is 11 of 20

Answer Stats

HintAnswer% Correct
and we danced all night to thebest song ever
98%
waking up beside you im a loaded gunno control
88%
you'll never love yourself half as much as i love youlittle things
85%
cause you were mine for the summersummer love
79%
i can't compete with your boyfriend he's got 27 tattoosi would
73%
kisses like cream her walk is so meansteal my girl
72%
everything that you've ever dreamed of is disappearing when you wake upnight changes
70%
i know we only met but lets pretend its lovelive while we're young
66%
did they ever hold each other tight like usyou and i
65%
people going all the way, yeah all the wayup all night
62%
never felt like this before are we friends or are we morechange my mind
58%
are you sleeping baby by yourselfwhere do broken hearts go
57%
tell me im a screwed up messtell me a lie
56%
you're the shining distraction that makes me flyfools gold
47%
under the lights tonight you turned aroundstole my heart
36%
lets pray we stay young stay made of lightninggirl almighty
34%
i can count on you after all we got up tooact my age
32%
from the way that we touch baby to the way that you kiss on meeverything about you
30%
and you say its hard to keep a secret girl dont leave me all alone in this hotelchange your ticket
23%
its in all the things and other things that make you who you areirresistible
16%

Score Distribution

Percentile by Number Answered

Percent of People with Each Score

Your Score History

You have not taken this quiz